| 000 -LEADER |
| fixed length control field |
01953nam a22005417a 4500 |
| 001 - CONTROL NUMBER |
| control field |
894524232 |
| 003 - CONTROL NUMBER IDENTIFIER |
| control field |
OCoLC |
| 005 - DATE AND TIME OF LATEST TRANSACTION |
| control field |
20210419091557.0 |
| 006 - FIXED-LENGTH DATA ELEMENTS--ADDITIONAL MATERIAL CHARACTERISTICS |
| fixed length control field |
m d |
| 007 - PHYSICAL DESCRIPTION FIXED FIELD--GENERAL INFORMATION |
| fixed length control field |
cr cn||||||||| |
| 008 - FIXED-LENGTH DATA ELEMENTS--GENERAL INFORMATION |
| fixed length control field |
141105s2014 nyua ok 000 0 eng d |
| 020 ## - INTERNATIONAL STANDARD BOOK NUMBER |
| International Standard Book Number |
9780071813174 (electronic book) |
| 020 ## - INTERNATIONAL STANDARD BOOK NUMBER |
| International Standard Book Number |
0071813179 (electronic book) |
| 035 ## - SYSTEM CONTROL NUMBER |
| System control number |
(OCoLC)894524232 |
| 040 ## - CATALOGING SOURCE |
| Original cataloging agency |
TMV |
| Transcribing agency |
TMV |
| 041 ## - LANGUAGE CODE |
| Language code of text/sound track or separate title |
eng |
| 049 ## - LOCAL HOLDINGS (OCLC) |
| Holding library |
YYEA |
| 080 ## - UNIVERSAL DECIMAL CLASSIFICATION NUMBER |
| Universal Decimal Classification number |
616.43 |
| Item number |
K-20 |
| 096 ## - LOCALLY ASSIGNED NLM-TYPE CALL NUMBER (OCLC) |
| Classification number |
INTERNET LINK |
| 100 ## - MAIN ENTRY--PERSONAL NAME |
| 9 (RLIN) |
235 |
| Personal name |
Kappy, S. Michael |
| 245 00 - TITLE STATEMENT |
| Title |
Pediatric practice. |
| Name of part/section of a work |
Endocrinology |
| Medium |
[electronic resource] / |
| Statement of responsibility, etc. |
editors, Michael S. Kappy, Mitchell E. Geffner, David B. Allen. |
| 246 30 - VARYING FORM OF TITLE |
| Title proper/short title |
Endocrinology. |
| 250 ## - EDITION STATEMENT |
| Edition statement |
2nd ed. |
| 260 ## - PUBLICATION, DISTRIBUTION, ETC. |
| Place of publication, distribution, etc. |
New York : |
| Name of publisher, distributor, etc. |
McGraw-Hill Education, |
| Date of publication, distribution, etc. |
[2014] |
| 300 ## - PHYSICAL DESCRIPTION |
| Extent |
1 online resource :482 p. |
| Other physical details |
illustrations. |
| 365 ## - TRADE PRICE |
| Price amount |
14.66 usd |
| 504 ## - BIBLIOGRAPHY, ETC. NOTE |
| Bibliography, etc. note |
Includes bibliographical references. |
| 506 ## - RESTRICTIONS ON ACCESS NOTE |
| Terms governing access |
Restricted to users at subscribing institutions. |
| 516 ## - TYPE OF COMPUTER FILE OR DATA NOTE |
| Type of computer file or data note |
HTML formatted version. |
| 530 ## - ADDITIONAL PHYSICAL FORM AVAILABLE NOTE |
| Additional physical form available note |
Electronic version of the print publication. |
| 538 ## - SYSTEM DETAILS NOTE |
| System details note |
Mode of access: World Wide Web. |
| 588 ## - SOURCE OF DESCRIPTION NOTE |
| Source of description note |
Description based on print record. |
| 650 #2 - SUBJECT ADDED ENTRY--TOPICAL TERM |
| Topical term or geographic name entry element |
Endocrine System Diseases |
| General subdivision |
diagnosis. |
| 650 #0 - SUBJECT ADDED ENTRY--TOPICAL TERM |
| Topical term or geographic name entry element |
Medicine |
| 9 (RLIN) |
69 |
| 650 #2 - SUBJECT ADDED ENTRY--TOPICAL TERM |
| Topical term or geographic name entry element |
Endocrine System Diseases |
| General subdivision |
therapy. |
| 650 #2 - SUBJECT ADDED ENTRY--TOPICAL TERM |
| Topical term or geographic name entry element |
Child. |
| 650 #2 - SUBJECT ADDED ENTRY--TOPICAL TERM |
| Topical term or geographic name entry element |
Infant. |
| 653 ## - INDEX TERM--UNCONTROLLED |
| Uncontrolled term |
ენდოკრინოლოგია |
| 653 ## - INDEX TERM--UNCONTROLLED |
| Uncontrolled term |
მედიცინა |
| 655 #7 - INDEX TERM--GENRE/FORM |
| Genre/form data or focus term |
Electronic books. |
| 700 1# - ADDED ENTRY--PERSONAL NAME |
| Personal name |
Kappy, Michael S. |
| Fuller form of name |
(Michael Steven), |
| Dates associated with a name |
1940- |
| 700 1# - ADDED ENTRY--PERSONAL NAME |
| Personal name |
Geffner, Mitchell E. |
| 700 1# - ADDED ENTRY--PERSONAL NAME |
| Personal name |
Allen, David B. |
| Titles and other words associated with a name |
(Pediatric endocrinologist) |
| 710 2# - ADDED ENTRY--CORPORATE NAME |
| Corporate name or jurisdiction name as entry element |
McGraw-Hill Companies. |
| 710 2# - ADDED ENTRY--CORPORATE NAME |
| Corporate name or jurisdiction name as entry element |
AccessPediatrics (Online Service) |
| 856 40 - ELECTRONIC LOCATION AND ACCESS |
| Materials specified |
AccessPediatrics |
| Uniform Resource Identifier |
<a href="https://elibrary.einsteinmed.org/login?url=https://accesspediatrics.mhmedical.com/book.aspx?bookid=1082 ">https://elibrary.einsteinmed.org/login?url=https://accesspediatrics.mhmedical.com/book.aspx?bookid=1082 </a> |
| Public note |
EINSTEIN: Access Pediatrics ebook collection |
| 942 ## - ADDED ENTRY ELEMENTS (KOHA) |
| Source of classification or shelving scheme |
|
| Koha item type |
Books |
| Edition |
2 |